000 02353cam a22003734a 4500
999 _c210816
_d210816
001 16512286
003 OSt
005 20220226163727.0
008 101021s2010 ncua b s001 0 eng c
010 _a 2010283515
020 _a9780807871331 (pbk.)
020 _a0807871338 (pbk.)
035 _a(OCoLC)ocn441211375
040 _aBTCTA
_cBTCTA
_dYDXCP
_dCDX
_dBWX
_dOCLCQ
_dIQU
_dTJC
_dDLC
042 _apcc
043 _as-bo---
_as-ck---
050 0 0 _aHD82
_b.T34 2010
082 _a338.9 TAU
100 1 _aTaussig, Michael T.
245 1 4 _aThe Devil and Commodity Fetishism in South America /
_cMichael T. Taussig.
250 _a30th anniversary ed. /
_bwith a new chapter by the author.
260 _aChapel Hill [N.C.] :
_bUniversity of North Carolina Press,
_cc2010.
300 _axvii, 296 p. :
_bill. ;
_c23 cm.
365 _b2733
505 _aTable of Contents Preface to the Thirtieth Anniversary Edition xi; Preface xv; Part I Fetishism: The Master Trope; 1 Fetishism and Dialectical Deconstruction 3; 2 The Devil and Commodity Fetishism 13; Part II The Plantations of the Cauca Valley, Colombia; 3 Slave Religion and the Rise of the Free Peasantry 41; 4 Owners and Fences 70; 5 The Devil and the Cosmogenesis of Capitalism 93; 6 Pollution, Contradiction, and Salvation 112; 7 The Baptism of Money and the Secret of Capital 126; Part III The Bolivian Tin Mines; 8 The Devil in the Mines 143; 9 The Worship of Nature 155; 10 The Problem of Evil 169; 11 The Iconography of Nature and Conquest 182; 12 The Transformation of Mining and Mining Mythology 199; 13 Peasant Rites of Production 214; 14 Mining Magic: The Mediation of Commodity Fetishism 223; Conclusion 229; The Sun Gives without Receiving: A Reinterpretation of the Devil Stones 235; Bibliography 267; Index 289
650 0 _aEconomic development
_xSocial aspects
_vCase studies.
650 0 _aPlantations
_zColombia
_zCauca River Valley.
650 0 _aTin mines and mining
_zBolivia.
650 0 _aSuperstition
_vCase studies.
856 _3Table of Contents
_uhttps://www.google.co.in/books/edition/The_Devil_and_Commodity_Fetishism_in_Sou/4VvqCQAAQBAJ?hl=en&gbpv=1&printsec=frontcover
906 _a7
_bcbc
_cpccadap
_d2
_encip
_f20
_gy-gencatlg
942 _2ddc
_cBK